|
|
|
|
| LEADER |
00000nab a2200000uu 4500 |
| 001 |
vtls011456205 |
| 003 |
SK-MaSNL |
| 005 |
20260303222730.0 |
| 008 |
230222|1983 xo |||||||||||||||||eng| |
| 015 |
|
|
|a SNBRB
|
| 035 |
|
|
|a (urnnbn)urn:nbn:sk:snk:ar-a080tk
|
| 035 |
|
|
|a (uuid)0e3aece2-8021-4020-8e9b-40dab41f81b7
|
| 035 |
|
|
|a urn:nbn:sk:snk-abcr2s
|
| 040 |
|
|
|a SNKBUCL
|b slo
|c SNKBUCL
|e AACR2
|
| 041 |
0 |
|
|a eng
|
| 044 |
|
|
|a xo
|c SK
|
| 100 |
1 |
|
|a Votruba, I.
|4 aut
|9 1165807
|
| 245 |
1 |
0 |
|a METABOLISM OF THE BROAD-SPECTRUM ANTIVIRAL AGENT, 9-(S)-(2,3-DIHYDROXYPROPYL) ADENINE, IN DIFFERENT CELL LINES
|c I. Votruba, A. Holý, E. De Clercq
|
| 700 |
1 |
|
|a De Clercq, E.
|4 aut
|9 1198986
|
| 700 |
1 |
|
|a Holý, A.
|4 aut
|9 923810
|
| 773 |
0 |
|
|t Acta virologica
|g Roč. 27, č. 3 (1983), s. 273-276
|
| 958 |
|
|
|a OND
|
| 958 |
|
|
|a EUIPO
|
| 958 |
|
|
|a article16
|
| 999 |
|
|
|c 2243102
|d 2245032
|